Hidden Markov models (Registro nro. 324399)

Detalles MARC
000 -ENCABEZADO
Número de control [NR] 01564nam a22002657a 4500
005 - FECHA Y HORA DE LA ÚLTIMA TRANSACCIÓN
control field 20240620074511.0
008 - DE LONGITUD FIJA DE DATOS DE ELEMENTOS - INFORMACIÓN GENERAL
Elementos de longitud fija [NR] 240620b ||||| |||| 00| 0 eng d
020 ## - NUMERO INTERNACIONAL NORMALIZADO PARA LIBROS [R]
Número Internacional Normalizado del libro [NR] 9780367779344
020 ## - NUMERO INTERNACIONAL NORMALIZADO PARA LIBROS [R]
Número Internacional Normalizado del libro [NR] 9780367203498
040 ## - FUENTE DE CATALOGACION [NR]
Agencia de catalogación original [NR] CO-BoUCM
Quien Cataloga David Moreno
Quien Clasifica David Moreno
041 ## - CODIGO DE IDIOMA [R]
Código de idioma para texto/pista de sonido o título separado [R] Inglés
100 1# - ASIENTO PRINCIPAL--NOMBRE PERSONAL [NR]
Nombre personal [NR] Coelho, João Paulo
ID Autoridad 181513
245 10 - MENCION DE TITULO [NR]
Título [NR] Hidden Markov models
Parte restante del título [NR] theory and implementation using Matlab
Mención de responsabilidad, etc. [NR] João Paulo Coelho, Tatiana M. Pinho and José Boaventura-Cunha
250 ## - MENCION DE EDICION [NR]
Mención de edición [NR] 1st ed.
260 ## - PUBLICACION, DISTRIBUCION, ETC. (PIE DE IMPRENTA) [R]
Lugar de publicación, distribución, etc. [R] Boca Raton, FL
Nombre del editor, distribuidor, etc. [R] CRC Press
Fecha de publicación, distribución, etc. [R] 2019
300 ## - DESCRIPCION FISICA [R]
Extensión [R] 268 Paginas
504 ## - NOTA DE BIBLIOGRAFIA, ETC. [R]
Nota de bibliografía, etc. [NR] Incluye referencias bibliográficas e índices
505 ## - NOTA DE CONTENIDO CON FORMATO PREESTABLECIDO [R]
Mención de responsabilidad [R] Cover; Title Page; Copyright Page; Preface; Table of Contents; Glossary; 1: Introduction; 1.1 System Models; 1.2 Markov Chains; 1.3 Book Outline; 2: Probability Theory and Stochastic Processes; 2.1 Introduction; 2.2 Introduction to Probability Theory; 2.2.1 Events and Random Variables; 2.2.1.1 Types of variables; 2.2.2 Probability Definition; 2.2.3 Axioms and Properties; 2.3 Probability Density Function; 2.4 Statistical Moments; 2.5 Summary; 3: Discrete Hidden Markov Models; 3.1 Introduction; 3.2 Hidden Markov Model Dynamics; 3.2.1 The Forward Algorithm; 3.2.2 The Backward Algorithm
650 14 - ASIENTO SECUNDARIO DE MATERIA - TERMINO TEMATICO [R]
Término temático o nombre geográfico como elemento de entrada [NR] Sistemas estocasticos
Subdivisión general [R] Procesamiento de datos
9 (RLIN) 181514
650 14 - ASIENTO SECUNDARIO DE MATERIA - TERMINO TEMATICO [R]
Término temático o nombre geográfico como elemento de entrada [NR] Procesos de markov
Subdivisión general [R] Procesamiento de datos
9 (RLIN) 181515
700 1# - ASIENTO SECUNDARIO - NOMBRE PERSONAL [R]
Nombre personal [NR] Pinho, Tatiana M.
9 (RLIN) 181516
700 1# - ASIENTO SECUNDARIO - NOMBRE PERSONAL [R]
Nombre personal [NR] Boaventura-Cunha, José
9 (RLIN) 181517
942 ## - ELEMENTOS DE ENTRADA AGREGADOS (KOHA)
Sistema de clasificación DEWEY
Tema principal Economía
Tipo de ítem principal el descrito en 300a Libro
Edición 1
Clasificación 519.233
Parte restante de la signatura top. C672h
Título oculto en OPAC No
Existencias
Signatura topográfica Código de barras Última vez visto Ejemplar Price effective from Tipo de ítem Perdido Sistema de clasificación Dañado No prestable Tipo de ítem específico Suprimido Ubicación habitual Ubicación actual Localización Fecha de creación Forma de adquisición Costo
519.233 C672h 100172715 04/12/2025 Ej.1 20/06/2024 Libro   DEWEY     Libro   Claustro Claustro 4to piso 20/06/2024 Compra 281556.00